Tourist guide - Chile: annual tourist guide

Αποθηκεύτηκε σε:
Λεπτομέρειες βιβλιογραφικής εγγραφής
Κύριοι συγγραφείς: Ferrada, María (Συγγραφέας), Muller, C. W (Συγγραφέας)
Μορφή: Βιβλίο
Γλώσσα:Αγγλικά
Έκδοση: Santiago Ferrocarriles del Estado 1962
Έκδοση:1a. ed
Θέματα:
Ετικέτες: Προσθήκη ετικέτας
Δεν υπάρχουν, Καταχωρήστε ετικέτα πρώτοι!

MARC

LEADER 00000cam a2200000 a 4500
001 UCE0386
003 CL-VaPUC
008 140116e19620000cl |||||||||||||||||eng|d
082 0 4 |a 918.3  |b FER  |2 21 
100 0 |a Ferrada, María  |e author  |9 572761 
700 0 |a Muller, C. W  |e author  |9 572762 
245 1 0 |a Tourist guide - Chile: annual tourist guide 
250 |a 1a. ed 
300 |a 136 p 
942 |c BK 
945 |d 20140116 11:53:00  |a dcastane 
260 |a Santiago  |b Ferrocarriles del Estado  |c 1962 
650 7 |a GUIA TURISTICA  |2 CL-VaPUC  |9 328105 
650 0 |a Turismo  |9 308920 
651 7 |a CHILE  |2 CL-VaPUC  |9 572763 
583 |a last modification  |c 20140116 11:53:00  |k Rodrigo Vera 
999 |c 354543  |d 354541 
952 |0 0  |1 0  |3 erb  |4 0  |6 918_300000000000000_FER_1962  |7 0  |8 X  |9 460488  |a FDOBUD  |b FDOBUD  |i 4998448  |o 918.3 FER 1962  |p 4998448  |r 2019-11-23  |w 2019-11-23  |y BK_X  |z Catalogado en:20140116  |k BUD